Normal view
MARC view
- االسياسة الدولية- الشرق الاوسط- العلاقات الدولية
Entry Topical Term
001 - CONTROL NUMBER
- control field: 41423
003 - CONTROL NUMBER IDENTIFIER
- control field: JO-AjAnu
005 - DATE AND TIME OF LATEST TRANSACTION
- control field: 20230606080900.0
008 - FIXED-LENGTH DATA ELEMENTS
- fixed length control field: 230606|| aca||aabn | a|a d
040 ## - CATALOGING SOURCE
- Original cataloging agency: JO-AjAnu
- Transcribing agency: JO-AjAnu
150 ## - HEADING--TOPICAL TERM
- Topical term or geographic name entry element: االسياسة الدولية- الشرق الاوسط- العلاقات الدولية
670 ## - SOURCE DATA FOUND
- Source citation: Work cat.: (JO-AjAnu)21227: ابو غزالة، حسن عقيل, author 41422, الحركات الأصولية والإرهاب في الشرق الأوسط (إشكالية العلاقة)